Report of the first session of the working party on population and fisheries. (Record no. 82568)
[ view plain ]
| 000 -LEADER | |
|---|---|
| fixed length control field | 00553cam5a220018100 4500 |
| 001 - CONTROL NUMBER | |
| control field | tmp15901958 |
| 003 - CONTROL NUMBER IDENTIFIER | |
| control field | UPRA |
| 005 - DATE AND TIME OF LATEST TRANSACTION | |
| control field | 20190816093550.0 |
| 008 - FIXED-LENGTH DATA ELEMENTS--GENERAL INFORMATION | |
| fixed length control field | 951109d198606 gh eng u |
| 035 ## - SYSTEM CONTROL NUMBER | |
| System control number | (Sirsi) r38284 |
| 035 ## - SYSTEM CONTROL NUMBER | |
| System control number | (UPRA)tmp15901958 |
| 040 ## - CATALOGING SOURCE | |
| Transcribing agency | UPRA |
| 111 2# - MAIN ENTRY--MEETING NAME | |
| Meeting name or jurisdiction name as entry element | Committee for Inland Fisheries of Africa. |
| Linkage | A36317.2 |
| 245 10 - TITLE STATEMENT | |
| Title | Report of the first session of the working party on population and fisheries. |
| 260 ## - PUBLICATION, DISTRIBUTION, ETC. | |
| Place of publication, distribution, etc. | Accra, Ghana, |
| Date of publication, distribution, etc. | 16-20 June 1986. |
| 949 ## - LOCAL PROCESSING INFORMATION (OCLC) | |
| a | (O8)Fish Rept/869 |
| w | lcc |
| m | MAIN |
| t | BOOK |
| l | ON-SHELF |
No items available.